Animals by Letter and Picture-G - Statistics

General Stats
  • This quiz has been taken 65 times
  • The average score is 11 of 15
Answer Stats
Picture Answer % Correct
Giraffe
94%
Goat
93%
Goldfish
89%
Gorilla
89%
Grizzly Bear
87%
Guinea Pig
78%
Grasshopper
76%
Goose
72%
Gecko
70%
Gerbil
65%
Gila monster
59%
Gazelle
54%
Gopher
54%
Gibbon
52%
Gharial
26%
No matching quizzes found
Score Distribution
Percent of People with Each Score
Percentile by Number Answered
Your Score History
You have not taken this quiz